Current developments in biotechnology and bioengineering : sustainable food waste management : resource recovery and treatment /

Current Developments in Biotechnology and Bioengineering: Sustainable Food Waste Management: Resource Recovery and Treatment covers the latest methods of food waste management and resource recovery from a sustainability perspective and is suitable for universities, municipalities, and companies work...

Full description

Bibliographic Details
Corporate Author: ScienceDirect (Online service)
Other Authors: Wong, Jonathan W. C. (Editor), Kaur, Guneet, 1985- (Editor), Taherzadeh, Mohammad (Editor), Pandey, Ashok (Editor), Lasaridi, Katia (Editor)
Format: eBook
Language:English
Published: Amsterdam, Netherlands : Elsevier, 2021.
Subjects:
Online Access:Connect to the full text of this electronic book

MARC

Tag First Indicator Second Indicator Subfields
LEADER 00000cam a22000007i 4500
001 in00005767708
005 20260327165831.8
006 m o d
007 cr |||||||||||
008 201103t20212021ne oi 000 0 eng d
040 |a UKMGB  |b eng  |e rda  |e pn  |c UKMGB  |d OCLCF  |d OCLCO  |d OPELS  |d GZM  |d UKAHL  |d OCLCO  |d YDXIT  |d OCL  |d OCLCO  |d K6U  |d OCLCQ  |d OCLCO  |d OCLCL  |d SXB  |d OCLCQ  |d OCLCL  |d OCLCQ  |d OCLCO 
015 |a GBC0H6732  |2 bnb 
016 7 |a 020007533  |2 Uk 
019 |a 1225366543 
020 |a 9780128191491  |q (ePub ebook) 
020 |a 012819149X 
020 |z 9780128191484 (pbk.) 
035 |a (OCoLC)1230684240  |z (OCoLC)1225366543 
037 |a 9780128191491  |b Ingram Content Group 
050 4 |a TP248.2  |b .C87 2021 
082 0 4 |a 628.445  |2 23 
049 |a TXAM 
245 0 0 |a Current developments in biotechnology and bioengineering :  |b sustainable food waste management : resource recovery and treatment /  |c edited by Jonathan Wong, Guneet Kaur, Mohammad Taherzadeh, Ashok Pandey, Katia Lasaridi. 
264 1 |a Amsterdam, Netherlands :  |b Elsevier,  |c 2021. 
264 4 |c ©2021 
300 |a 1 online resource 
336 |a text  |b txt  |2 rdacontent 
337 |a computer  |b c  |2 rdamedia 
338 |a online resource  |b cr  |2 rdacarrier 
504 |a Includes index. 
505 0 |a 1. Food waste and sustainable management technologies: An introduction -- 2. Food waste properties and chemistry -- 3. Food waste generation and collection -- 4. Closing the food chain loop through waste prevention and recovery -- 5. Bioconversion technologies: Food Waste Composting: Challenges and Possible Approaches -- 6. Bioconversion technologies: Anaerobic digestion of food waste -- 7. Microbial conversion of food waste: volatile fatty acids platform -- 8. Bioconversion technologies: Insect and worm farming -- 9. Bioconversion Technologies: Hydrolytic Enzyme Treatment of Food Waste -- 10. Bio-products from food waste -- 11. Conversion of food waste to animal feeds -- 12. Gasification and pyrolysis of food waste -- 13. Emerging technologies for treatment of food waste -- 14. Food waste policy -- 15. Life-cycle assessment and sustainability assessment of food waste utilization. 
588 |a Description based on online resource; title from PDF title page (ScienceDirect, viewed on February 23, 2021). 
520 |a Current Developments in Biotechnology and Bioengineering: Sustainable Food Waste Management: Resource Recovery and Treatment covers the latest methods of food waste management and resource recovery from a sustainability perspective and is suitable for universities, municipalities, and companies working in the field. This book provides a comprehensive account of food waste chemistry, the latest techniques for food waste treatment and recycling, sustainability assessment (social, economic, environmental), and challenges in food waste management. The book explores recycling to value-added products using sustainable concepts and methodologies, and is useful as a course or reference book for biochemical engineering, environmental sustainability, and waste management. 
650 0 |a Biotechnology. 
650 0 |a Bioengineering. 
650 0 |a Food waste. 
650 0 |a Refuse and refuse disposal. 
650 2 |a Biotechnology 
650 2 |a Refuse Disposal 
650 6 |a Biotechnologie. 
650 6 |a Déchets  |x Élimination. 
650 7 |a bioengineering.  |2 aat 
650 7 |a Biotechnology  |2 fast 
650 7 |a Bioengineering  |2 fast 
650 7 |a Food waste  |2 fast 
650 7 |a Refuse and refuse disposal  |2 fast 
655 7 |a Electronic books.  |2 local 
700 1 |a Wong, Jonathan W. C.,  |e editor. 
700 1 |a Kaur, Guneet,  |d 1985-  |e editor.  |1 https://id.oclc.org/worldcat/entity/E39PCjthkWkGpRQMBKmYRvr6Xb 
700 1 |a Taherzadeh, Mohammad,  |e editor. 
700 1 |a Pandey, Ashok,  |e editor. 
700 1 |a Lasaridi, Katia,  |e editor. 
710 2 |a ScienceDirect (Online service) 
776 0 8 |i Print version:  |z 9780128191484 
856 4 0 |u http://proxy.library.tamu.edu/login?url=https://www.sciencedirect.com/science/book/9780128191484  |z Connect to the full text of this electronic book  |t 0 
955 |a Elsevier ScienceDirect 2026-2027 
994 |a 92  |b TXA 
999 f f |i 030f037a-8c78-4c05-a996-1e1bf9030b5d  |s afa81b76-7edf-4a20-9aa8-01c09b81ff7e  |t 0 
952 f f |a Texas A&M University  |b College Station  |c Electronic Resources  |s www_evans  |d Available Online  |t 0  |e TP248.2 .C87 2021  |h Library of Congress classification 
998 f f |a TP248.2 .C87 2021  |t 0  |l Available Online